| 000 | 00597nam a2200193Ia 4500 | ||
|---|---|---|---|
| 008 | 220216s9999 xx 000 0 und d | ||
| 100 | _aGeorge S | ||
| 245 | 0 | _aCompetitive interactions in a rubber-based agro-ecosystem with coffee and cocoa as intercrops | |
| 260 | _bIRRDB Natural Rubber Conference 2008, 13-15 October 2008, Kuala Lumpur, Malaysia: Abstract of papers | ||
| 650 | _aCocoa | ||
| 650 | _aCoffee | ||
| 650 | _aIntercropping | ||
| 650 | _aRubber-based agro-ecosystem | ||
| 700 | _aLisha C | ||
| 700 | _aMeti S | ||
| 700 | _aNair A N S | ||
| 700 | _aNair N U | ||
| 942 | _cBS | ||
| 999 |
_c48784 _d48784 |
||